000 02352cam a22004694i 4500
003 PE-LiUPU
005 20250731173320.0
008 150625s r 000 0 d
020 _a1570754934
035 _a(Sirsi) i9781570754937
040 _aPE-LiUPU
_bspa
_cPE-LiUPU
_erda
049 _aPRUA
082 0 4 _a266.6
_bG21
_221
245 0 0 _aMission in acts :
_bancient narratives in contemporary context /
_cRobert L. Gallargher y Paul Hertig, editores.
264 1 _aMaryknoll, New York :
_bOrbis Books,
_c2004.
300 _a332 páginas ;
_c23 centímetros
336 _atext
_2rdacontent
337 _aunmediated
_2rdamedia
338 _avolume
_2rdacarrier
504 _aIncluye referencias bibliográficas.
505 0 _aBackground to acts. -The launching of mission: the outpouring of the spirit at pentecost. -Dismantling social barriers through table fellowship. -Holistc miniatry and the indident at the gate beautiful. -From "Doingnss" to "Beingness":A missiological interpretation. -Cross-cultural mediantion: From esclusion to inclusion. -Dynamies in hellenism and the immigrant congregation. -Preaching oor mission: Ancient speeches and postmodern semons. -The magical mystery tour: philip encounters magic and materialism in samaria. -The Ethiopian eunuch: a key transition from hellenist to gentile mission. -The contextualización and translation of chistianity. -The apostle pau's acts of power. -The ending is prelude: discontinuities lead to continuities. .
526 _aSEG42
526 _aSEG41
526 _aSEG40
526 _aSEG39
526 _aP94
526 _aP87
526 _aP86
526 _aP85
526 _aP77
526 _aP76
526 _aP35
630 _aBiblia.
_pN.T.
_pHechos
_xCrítica, interpretación, etc.
700 1 _aGallagher, Robert,
_eeditor.
700 1 _aHertig, Paul,
_eeditor.
942 _2ddc
_cBOOK
949 _a266.6 G21
_wDEWEY
_c1
_i57482
_lCCODEBUL1
_mBUL
_p37.00
_r0
_sY
_tBOOK
_u2015-6-25
_xTEOLOGIA
_PP35
_0COMPRA
_o.STAFF. Colección General
994 _aC0
_bPEPRU
596 _a1
999 _a266.6 G21
_wDEWEY
_c46518
_i57482
_f2021-11-10
_g5
_lCCODEBUL1
_mBUL
_p37.00
_r0
_sY
_tBOOK
_u2015-6-25
_xTEOLOGIA
_PP35
_0COMPRA
_o.STAFF. Colección General
_d46518
980 _81
_gALBERTO SANCHEZ Responsable de Automatización